[Event "AUTO-ADV-1413"]
[Site "http://www.queenalice.com/game.php?id=624629"]
[Date "2009.7.25"]
[Round "1"]
[White "inguitar"]
[Black "ekup"]
[Result "0-1"]
[WhiteElo "1814"]
[BlackElo "1844"]

1. e4 c5 2. Nf3 Nc6 3. Nc3 d6 4. Bc4 Nf6 5. d3 e6 6. O-O Be7 7. d4 cxd4 8. Nxd4
Nxd4 9. Qxd4 O-O 10. f4 b6 11. Be3 Bb7 12. Rad1 Rc8 13. f5 e5 14. Qd2 Nxe4 15.
Nxe4 Bxe4 16. c3 Qc7 17. Bb3 Rfd8 18. f6 Bxf6 19. Qe2 Bb7 20. Rxf6 gxf6 21. Qg4+
Kh8 22. Bh6 Rg8 23. Qf5 Rg6 24. Be3 Rxg2+ 25. Kf1 Qe7 26. Bd5 Bxd5 27. Qxc8+ Kg7
28. Rxd5 Rxb2 29. Qg4+ Kf8 30. Rd3 Ke8 31. Qc8+ Qd8 32. Qc6+ Ke7 33. Rxd6 Qxd6
34. Qb7+ Qd7 35. Qxd7+ Kxd7 36. Bh6 Rxa2 37. h4 f5 38. Bg7 Ke6 39. Bf8 Rc2 40.
Bb4 a5 41. Ba3 Rxc3 0-1

[Event "AUTO-ADV-1413"]
[Site "http://www.queenalice.com/game.php?id=624630"]
[Date "2009.7.25"]
[Round "1"]
[White "ekup"]
[Black "inguitar"]
[Result "0-1"]
[WhiteElo "1796"]
[BlackElo "1835"]

1. e4 e5 2. Nf3 Nc6 3. Nc3 Nf6 4. Bc4 Be7 5. O-O d6 6. d3 O-O 7. h3 Nh5 8. Nxe5
Nxe5 9. Bb3 Nf6 10. Be3 Be6 11. f4 Bxb3 12. fxe5 Bxc2 13. Qxc2 dxe5 14. Rad1 Nh5
15. Qe2 Nf4 16. Bxf4 exf4 17. Rxf4 Bd6 18. e5 Bc5+ 19. d4 Be7 20. Rdf1 Bg5 21.
Rg4 Bh6 22. Ne4 Qxd4+ 23. Kh1 Qa4 24. a3 Qa6 25. Qf2 Kh8 26. Qg3 Qxf1+ 27. Kh2
Rae8 28. Nc5 f5 29. Rb4 f4 30. Qf3 Qxf3 31. gxf3 Rxe5 32. Nxb7 Rb8 33. Na5 Rxb4
34. axb4 Re2+ 0-1

[Event "AUTO-ADV-1413"]
[Site "http://www.queenalice.com/game.php?id=624631"]
[Date "2009.7.25"]
[Round "1"]
[White "inguitar"]
[Black "arvo1938"]
[Result "1/2-1/2"]
[WhiteElo "1847"]
[BlackElo "1915"]

1. e4 e5 2. Nf3 Nc6 3. Bc4 Nf6 4. O-O Bc5 5. Nc3 d6 6. d3 h6 7. a3 O-O 8. Ne2
Bg4 9. Ng3 Nd4 10. c3 Ne6 11. h3 Bxf3 12. Qxf3 c6 13. Nf5 b5 14. Ba2 Kh7 15. Qg3
g5 16. h4 Rg8 17. hxg5 Nxg5 18. Bxg5 Rxg5 19. Qh4 Rh5 20. Qg3 Qg8 21. Qxg8+ Nxg8
22. Bxf7 Rg5 23. b4 Bb6 24. Nxd6 Rd8 25. Nf5 Nf6 26. Rad1 Rd7 27. Ba2 a5 28. Be6
Ra7 29. Nd6 Rag7 30. Bh3 axb4 31. cxb4 Nh5 32. Nf5 Ra7 33. Ra1 Nf4 34. Kh2 Nxd3
35. Rad1 Nf4 36. Rd6 Rxa3 37. Rxc6 Rg6 38. Rxg6 Kxg6 39. Nd6 Rb3 40. Bf5+ Kf6
41. Nxb5 Rxb4 42. Nd6 Rb2 43. Nc4 Rxf2 44. Rxf2 Bxf2 45. g3 Ne2 46. g4 Bg3+ 47.
Kh3 Bf4 48. Nb6 Kg5 49. Nd7 h5 50. gxh5 Kxh5 51. Nf6+ Kh6 52. Kg4 Kg7 53. Nh5+
Kf7 54. Nxf4 Nxf4 55. Kg5 Nd3 56. Bc8 Nc5 57. Kf5 Nxe4 58. Kxe5 1/2-1/2

[Event "AUTO-ADV-1413"]
[Site "http://www.queenalice.com/game.php?id=624632"]
[Date "2009.7.25"]
[Round "1"]
[White "arvo1938"]
[Black "inguitar"]
[Result "1-0"]
[WhiteElo "1905"]
[BlackElo "1830"]

1. d4 d5 2. c4 e6 3. Nc3 Bb4 4. Nf3 Nf6 5. Bg5 O-O 6. e3 Nbd7 7. a3 Bxc3+ 8.
bxc3 h6 9. Bh4 Qe8 10. Bd3 Ne4 11. Qc2 Ndf6 12. cxd5 exd5 13. Bxf6 Nxf6 14. O-O
b6 15. c4 Ba6 16. cxd5 Bxd3 17. Qxd3 Nxd5 18. Qc4 c6 19. Rfc1 Rc8 20. Ne5 Ne7
21. Qa4 f6 22. Nd3 a5 23. Qb3+ Kh8 24. Qxb6 Qd8 25. Qc5 Qc7 26. Nf4 Qd7 27. Qxa5
Ra8 28. Qh5 Kh7 29. h3 Rfb8 30. Rc5 Nd5 31. Nxd5 cxd5 32. Rxd5 Qa4 33. Qf5+ Kh8
34. Rc5 Rb2 35. Rac1 Qe8 36. R5c2 Rxc2 37. Rxc2 Rxa3 38. Rc8 Qxc8 39. Qxc8+ Kh7
40. g4 Ra1+ 41. Kg2 Rd1 42. Qf5+ Kh8 43. Qc8+ Kh7 44. Qc2+ Rd3 45. Qxd3+ Kg8 46.
d5 Kf8 47. d6 Ke8 48. d7+ Kd8 49. Kf3 g6 50. Qxg6 Kxd7 51. Qxf6 1-0

[Event "AUTO-ADV-1413"]
[Site "http://www.queenalice.com/game.php?id=624633"]
[Date "2009.7.25"]
[Round "1"]
[White "inguitar"]
[Black "vult0"]
[Result "1-0"]
[WhiteElo "1881"]
[BlackElo "1691"]

1. e4 e5 2. Nf3 d6 3. Bc4 h6 4. Nc3 Nf6 5. d3 c6 6. O-O Bg4 7. d4 exd4 8. Qxd4
Bxf3 9. gxf3 c5 10. Qd3 Nc6 11. Bf4 Nd4 12. Nd5 Be7 13. c3 Nc6 14. Nxf6+ gxf6
15. Qd5 Rh7 16. Kh1 h5 17. Rg1 Kd7 18. Rad1 Kc7 19. b4 cxb4 20. cxb4 Rb8 21. b5
Ne5 22. Rc1 Kd7 23. Be3 b6 24. f4 Nxc4 25. Rxc4 Ke8 26. Rg8+ Bf8 27. Rc6 Ke7 28.
Qc4 Kd7 29. e5 fxe5 30. fxe5 1-0

[Event "AUTO-ADV-1413"]
[Site "http://www.queenalice.com/game.php?id=624634"]
[Date "2009.7.25"]
[Round "1"]
[White "vult0"]
[Black "inguitar"]
[Result "1-0"]
[WhiteElo "1736"]
[BlackElo "1861"]

1. e4 e5 2. Nf3 Nc6 3. Nc3 Nf6 4. d3 Be7 5. Be2 O-O 6. b3 Bb4 7. Bb2 d6 8. O-O
Re8 9. Nd5 Nxd5 10. exd5 Ne7 11. c4 Bf5 12. Nd2 Ng6 13. Ne4 Qh4 14. Bf3 Qf4 15.
Bc1 Qh4 16. Bg5 Bxe4 17. Bxh4 Bxf3 18. Qxf3 Nxh4 19. Qg4 Ng6 20. a3 Bc3 21. Rab1
Bd4 22. b4 c6 23. dxc6 bxc6 24. a4 Rab8 25. b5 cxb5 26. axb5 Bc5 27. Ra1 Ne7 28.
g3 Nc8 29. Kg2 Nb6 30. f4 exf4 31. Rxf4 Re2+ 32. Qxe2 Nd7 33. d4 Bb6 34. Raf1
Nf6 35. Qe7 Re8 36. Qxd6 Re2+ 37. Kh3 h6 38. Rxf6 gxf6 39. Qxf6 Bd8 40. Qxf7+
Kh8 41. Qf8+ 1-0

[Event "AEAP 2009"]
[Site "http://www.queenalice.com/game.php?id=625874"]
[Date "2009.7.28"]
[Round "1"]
[White "Andre1962"]
[Black "inguitar"]
[Result "1-0"]
[WhiteElo "1673"]
[BlackElo "1925"]

1. e4 e5 2. Nf3 Nc6 3. Bb5 d6 4. O-O Nf6 5. Re1 Be7 6. d4 Bd7 7. d5 Nb8 8. Bd3
Bg4 9. Be3 Nbd7 10. Qe2 c6 11. dxc6 bxc6 12. Nc3 d5 13. exd5 cxd5 14. Bg5 e4 15.
Nxd5 Nxd5 16. Bxe4 Be6 17. Bxd5 O-O 18. Bxe6 Bxg5 19. Nxg5 fxe6 20. Qxe6+ Kh8
21. Nf7+ Rxf7 22. Qxf7 Nc5 23. Rad1 Qf8 24. Qd5 Na4 25. Re3 Nxb2 26. Rd4 h6 27.
Rf3 Qe8 28. g3 Rc8 29. Qf5 Qe1+ 30. Kg2 Nd1 31. Qxc8+ Kh7 32. Qf5+ g6 33. Qf7+
Kh8 34. Rd8+ Qe8 35. Rxe8# 1-0

[Event "Mais uma"]
[Site "http://www.queenalice.com/game.php?id=652896"]
[Date "2009.9.15"]
[Round "-"]
[White "MarcosT"]
[Black "inguitar"]
[Result "1-0"]
[WhiteElo "1803"]
[BlackElo "1835"]

1. e4 e5 2. Bc4 Nc6 3. Nc3 Nf6 4. d3 Be7 5. h3 O-O 6. Nf3 Nd4 7. O-O c6 8. a3 d5
9. exd5 cxd5 10. Ba2 e4 11. Nxd4 Bc5 12. Be3 Qb6 13. Na4 Qa5 14. Nxc5 Qxc5 15.
Ne6 Qe7 16. Nxf8 Qxf8 17. dxe4 dxe4 18. f3 exf3 19. Qxf3 Kh8 20. Qg3 Nh5 21.
Rxf7 Qxf7 22. Qe5 Qg6 23. Qd5 Bxh3 24. Bxa7 Nf4 25. Qxb7 Qxg2+ 26. Qxg2 Bxg2 27.
Be3 Nh3+ 28. Kxg2 1-0

[Event "AEAP 2009"]
[Site "http://www.queenalice.com/game.php?id=673779"]
[Date "2009.10.28"]
[Round "2"]
[White "inguitar"]
[Black "rockaudrey"]
[Result "0-1"]
[WhiteElo "1767"]
[BlackElo "1470"]

1. e4 c5 2. Nf3 Nc6 3. Bc4 e6 4. Nc3 d6 5. d4 cxd4 6. Nxd4 Nf6 7. Bb5 Bd7 8. Be2
Be7 9. O-O O-O 10. Nxc6 Bxc6 11. Be3 a6 12. f4 b5 13. e5 dxe5 14. fxe5 Qxd1 15.
Raxd1 Nd5 0-1

[Event "+1 (MT 1x0)"]
[Site "http://www.queenalice.com/game.php?id=673825"]
[Date "2009.10.28"]
[Round "-"]
[White "inguitar"]
[Black "MarcosT"]
[Result "0-1"]
[WhiteElo "1827"]
[BlackElo "1822"]

1. e4 e5 2. Nf3 d6 3. Bc4 Be7 4. Nc3 Nf6 5. d3 O-O 6. O-O a6 7. Be3 b5 8. Bb3 c5
9. a4 Bb7 10. axb5 axb5 11. Nxb5 Rxa1 12. Qxa1 Qb6 13. Nc3 Nc6 14. Nh4 Ra8 15.
Qd1 Ba6 16. Nd5 Nxd5 17. exd5 Nd4 18. Bxd4 Bxh4 19. Be3 Bf6 20. Qg4 Bxd3 21.
cxd3 Qxb3 22. Bg5 Bxg5 23. Qxg5 Qxd3 24. Rd1 Qxd5 25. Qc1 Qe6 26. Qd2 Rd8 27.
Qa5 Qe7 28. Re1 d5 29. Rxe5 Qf8 30. Qa2 d4 31. Kf1 d3 32. Rd5 Qe8 33. Qc4 Qe2+
0-1

[Event "quem se habilita ?"]
[Site "http://www.queenalice.com/game.php?id=682755"]
[Date "2009.11.14"]
[Round "-"]
[White "inguitar"]
[Black "filomenos"]
[Result "1-0"]
[WhiteElo "1818"]
[BlackElo "1840"]

1. e4 e5 2. Nf3 d6 3. Nc3 g6 4. d4 f6 5. dxe5 fxe5 6. Bc4 Be7 7. Qd5 Nf6 8. Qf7+
Kd7 9. Be6+ Kc6 10. Bxc8 Nbd7 11. Qc4+ Nc5 12. Qb5# 1-0

[Event "quem joga ?"]
[Site "http://www.queenalice.com/game.php?id=682758"]
[Date "2009.11.14"]
[Round "-"]
[White "inguitar"]
[Black "Fauquinelle"]
[Result "0-1"]
[WhiteElo "1845"]
[BlackElo "1786"]

1. e4 e5 2. Nf3 Nc6 3. Bc4 Bc5 4. c3 Nf6 5. d3 O-O 6. Nbd2 d6 7. O-O Bg4 8. h3
Be6 9. Bxe6 fxe6 10. Qb3 d5 11. Qxb7 Qd7 12. Qb3 Rab8 13. Qc2 Bb6 14. d4 exd4
15. e5 Ne4 16. cxd4 Nxd4 17. Nxd4 Bxd4 18. Nxe4 dxe4 19. Rd1 Bxf2+ 20. Kh2 Qe7
21. Qxe4 Rb4 22. Qe2 Qh4 23. Rd3 Re4 24. Be3 Qg3+ 25. Kh1 Rxe3 26. Rxe3 Bxe3 27.
Qd3 Bf4 28. Qd7 Qh2# 0-1

[Event "Challenge"]
[Site "http://www.queenalice.com/game.php?id=682770"]
[Date "2009.11.14"]
[Round "-"]
[White "filomenos"]
[Black "inguitar"]
[Result "1-0"]
[WhiteElo "1917"]
[BlackElo "1826"]

1. d4 d5 2. Nf3 Nc6 3. g3 Nf6 4. Bg2 Bf5 5. a3 e6 6. O-O Bd6 7. Bg5 h6 8. Bxf6
Qxf6 9. c3 h5 10. Nbd2 O-O 11. Re1 Ne7 12. e4 Bg4 13. e5 Qg6 14. exd6 cxd6 15.
Qb3 Bxf3 16. Nxf3 Nf5 17. Re2 h4 18. Qxb7 hxg3 19. fxg3 Rfb8 20. Qd7 Qh6 21. Rf1
Rb6 22. Qa4 Rab8 23. b4 a5 24. Qxa5 Ne3 25. Rfe1 Nc4 26. Qa4 Nb2 27. Rxb2 e5 28.
dxe5 dxe5 29. Nxe5 Re6 30. Rbe2 1-0

[Event "Let's Play Chess!"]
[Site "http://www.queenalice.com/game.php?id=682857"]
[Date "2009.11.14"]
[Round "-"]
[White "elche"]
[Black "inguitar"]
[Result "1-0"]
[WhiteElo "1943"]
[BlackElo "1858"]

1. e4 e5 2. Nf3 Nc6 3. Bc4 Nf6 4. O-O Be7 5. d4 exd4 6. Nxd4 Ne5 7. Bb3 d6 8.
Nf5 Bxf5 9. exf5 O-O 10. c3 Qd7 11. Bc2 h5 12. Bg5 h4 13. Bxh4 Nd5 14. Bxe7 Nxe7
15. Qh5 f6 16. Nd2 Qe8 17. Qh3 Qb5 18. b3 Nf7 19. c4 Qd7 20. Nf3 Nh6 21. Nh4 d5
22. Ng6 Nxg6 23. fxg6 Qxh3 24. gxh3 Rfe8 25. cxd5 Rad8 26. Rfd1 Re2 27. Bd3 Re5
28. Rac1 Kh8 29. Rxc7 Rexd5 30. Rc3 Ng8 31. Kf1 Re8 32. Rc7 Re7 33. Rxe7 Nxe7
34. Ke1 Rg5 35. Be4 Nxg6 36. Rd7 Nf4 37. Rd8# 1-0

[Event "Let's Play Chess!"]
[Site "http://www.queenalice.com/game.php?id=682858"]
[Date "2009.11.14"]
[Round "-"]
[White "elche"]
[Black "inguitar"]
[Result "1-0"]
[WhiteElo "1863"]
[BlackElo "1833"]

1. e4 e5 2. Nf3 Nc6 3. Bc4 Nf6 4. O-O Be7 5. d4 exd4 6. Nxd4 Ne5 7. Bb3 d6 8.
Nf5 Bxf5 9. exf5 O-O 10. c3 Qd7 11. Bc2 h5 12. Bg5 h4 13. Bxf6 Bxf6 14. h3 Nc4
15. b3 Ne5 16. Nd2 Rae8 17. Rc1 Bg5 18. Nf3 Bxc1 19. Nxe5 Rxe5 20. Qxc1 Re2 21.
a4 Rfe8 22. Bd3 R2e7 23. Qg5 Re1 24. Qxh4 Qc6 25. f6 g6 26. Qh6 Rxf1+ 27. Bxf1
1-0

[Event "2"]
[Site "http://www.queenalice.com/game.php?id=684550"]
[Date "2009.11.17"]
[Round "-"]
[White "raymundo"]
[Black "inguitar"]
[Result "0-1"]
[WhiteElo "1797"]
[BlackElo "1811"]

1. c4 e5 2. Nc3 Nc6 3. g3 Nf6 4. Bg2 Bc5 5. e3 d6 6. Nge2 Bg4 7. O-O O-O 8. f3
Bh5 9. Qc2 d5 10. cxd5 Nxd5 11. Ne4 Be7 12. f4 Bxe2 13. Ng5 Bxg5 14. Re1 exf4
15. exf4 Bxf4 16. Rxe2 Bh6 17. Qd3 Nf6 18. Qxd8 Raxd8 19. b3 Rfe8 20. Rxe8+ Rxe8
21. Bb2 Bxd2 22. Bxf6 gxf6 23. Rf1 Kg7 24. Bxc6 bxc6 25. Rf2 Be3 26. Kg2 Bxf2
27. Kxf2 Kf8 28. Kf3 Re5 29. Kf4 Re2 0-1